| 000 | 01121nac a22003371u 4500 | ||
|---|---|---|---|
| 003 | EG-ScBUE | ||
| 005 | 20220906102003.0 | ||
| 008 | 170918t1996 nyua f bd 001 0 eng d | ||
| 020 | _a0471286168 | ||
| 020 | _a9780471286165 | ||
| 040 |
_aEG-ScBUE _beng _erda _cEG-ScBUE _dEG-ScBUE |
||
| 082 | 0 | 4 |
_a720.1 _bCHI _222 |
| 100 | 1 |
_aChing, Francis D. K., _d1943- _eauthor. _937617 |
|
| 245 | 1 | 0 |
_aArchitecture, form, space & order / _cFrancis D. K. Ching. |
| 246 | 3 | _aArchitecture, form, space and order | |
| 250 | _aSecond edition. | ||
| 264 | 1 |
_aNew York : _bJohn Wiley & Sons, Inc., _c[1996] |
|
| 264 | 4 | _cc1996 | |
| 300 |
_axiv, 400 pages : _billustrations ; _c28 cm |
||
| 336 |
_2rdacontent _atext _btxt |
||
| 337 |
_2rdamedia _aunmediated _bn |
||
| 338 |
_2rdacarrier _avolume _bnc |
||
| 500 | _aIncludes glossary. | ||
| 504 | _aIncludes bibliographical references and index. | ||
| 650 | 7 |
_aArchitecture _xComposition, proportion, etc. _2BUEsh _941656 |
|
| 650 | 7 |
_aSpace (Architecture) _2BUEsh _96955 |
|
| 651 | _2BUEsh | ||
| 653 |
_bENGARC _cSeptember2017 |
||
| 655 |
_vReading book _934232 |
||
| 942 |
_cBB _2ddc |
||
| 999 |
_c4714 _d4714 |
||